[Event "Moscow Aeroflot op-A"]
[Site "Moscow RUS"]
[Date "2005.02.21"]
[Round "7"]
[White "Ivanchuk, Vassily"]
[Black "Ni, Hua"]
[Result "1-0"]
[WhiteElo "2711"]
[BlackElo "2625"]
[EventDate "2005.02.15"]
[Annotator "Rogozenco"]

1. e4 c5 2. Nf3 Nc6 3. d4 cxd4 4. Nxd4 Nf6 5. Nc3 e5 6. Ndb5 d6 7. Bg5 a6 
8. Na3 b5 9. Nd5 Qa5+ 10. Bd2 Qd8 11. Bd3 ( 11. Nxf6+ ) ( 11. c4 ) 11. ...
 Nxd5 12. exd5 Ne7 13. c4 g6 ( 13. ... bxc4? 14. Nxc4 +/- ) 14. cxb5 Bg7 
15. O-O {A better pawn structure and open files for his pieces provide 
Black with sufficient compensation for the pawn.} ( 15. bxa6 O-O 16. Nb5 
Bxa6 ( 16. ... Nxd5 17. O-O ( 17. Be4 Bxa6! 18. Bxd5 Bxb5 19. a4 Ba6 20. 
Bxa8 Qxa8 =/& ) 17. ... Bxa6 18. Qb3 Nf4 19. Bxf4 exf4 20. Rfd1 Rb8 21. a4
Be5 ~ ( 21. ... f3 22. g3 ) ( 21. ... Qf6 22. Rab1 h5 23. Qa3 Bb7 24. Nxd6
Ba8 +/- {1-0 Lanka,Z-Huschenbeth,N/Hamburg 2005 (33)} ) ) 17. a4 Rc8 18. 
O-O Nxd5 19. Qb3 Nf4 20. Rfd1 Nxd3 21. Qxd3 Qh4 22. Qxd6 Bb7 23. Qb6 Ba8 
24. h3 Rc2 25. Qe3 Rxb2 26. Nc7 Bb7 27. a5 f5 28. a6 f4 29. Qc5 Bxg2 30. 
Kxg2 f3+ 31. Kh2 Rc2 32. Qb6 e4 33. Be3 Rxf2+! ( 33. ... Be5+? 34. Kg1 
Bxc7? 35. Qe6+ Rf7 36. Rd7 +- {1-0 Polgar,J-San Segundo Carrillo,P/Madrid 
1994 (38)} ) 34. Bxf2 Be5+ 35. Kg1 Qg5+ 36. Kf1 Qg2+ 37. Ke1 Bc3+ 38. Rd2 
Qh1+ 39. Bg1 f2+ 40. Qxf2 Rxf2 -+ ) 15. ... O-O 16. Bb4 N {Ivanchuk 
correctly wants to organize pressure on d6. White must not let Black to 
develop freely his initiative.} ( 16. Bc4?! f5 ( 16. ... e4!? ) 17. Qe2 ( 
17. Bg5 h6 ) 17. ... f4 18. f3 Nf5 19. Nc2? Ng3! 20. hxg3 fxg3 -+ {
Korneev-Sriram/Ubeda 2001} ) 16. ... a5 ( 16. ... f5? 17. Nc4 Nxd5 18. 
Nxd6! ( 18. Bxd6 Re8 ~ ) 18. ... Be6 ( 18. ... Nxb4? 19. Bc4+ +- ) 19. Bc4
Nf4 20. Bxe6+ Nxe6 21. Qd5 +/- ) ( {Serious attention deserved} 16. ... 
Nxd5 17. Be4 Nxb4 18. Bxa8 d5 =/& ) 17. Bc3 Nxd5 ( {According to M.Notkin 
correct was} 17. ... f5 {"though with the bishops on c3 and d3 White is 
much better equipped to meet the plan carried out by Sriram (see 16.Bc4 - 
DR) since f5-f4 gives the e4 square to the light-squared bishop while 
after e5-e4 the dark squares in the Black's camp would be weakened. 
Nevertheless Black has useful moves at his disposal (Bb7, Rf7, Rc8) and 
the central advance can wait until an opportune moment as White needs time
to regroup for active operations" (M. Notkin) Everything is right, only 
that I believe that 17...Nxd5 also offers Black enough possibilities for 
counterplay.} ) 18. Qf3 ( 18. Be4 Nxc3 19. bxc3 Rb8 ~ ) 18. ... Nb6? {
Black wants to advance the d-pawn, but unfortunately for him the concrete 
play favors White.} ( 18. ... Be6 19. Be4 Nxc3 20. Bxa8 Qxa8 ( 20. ... 
Nxa2!? 21. Bd5 Bxd5 22. Qxd5 Nb4 =/& ) 21. Qxc3 ( 21. Qxa8?? Ne2+ ) 
21. ... d5 =/& ) ( 18. ... Bb7!? 19. Be4 Nxc3 20. Bxb7 e4 21. Qe3 ( 21. 
Bxe4? Nxe4 22. Qxe4 Bxb2 -+ ) 21. ... Rb8 22. bxc3 Rxb7 23. Qxe4 ( 23. 
Rad1 Re8! ( {Better than} 23. ... d5 24. c4 Rd7 25. c5 +/- {(M.Notkin)} ) 
24. c4 Qc7 ~ 25. Rd5 f5 26. Rfd1 Be5 =/& ) 23. ... d5 24. Qf3 Qe7 ( 
24. ... Qd6 25. Nc4! ) ( 24. ... Rc7!? 25. Rac1 Qd6 26. Nb1 Rb8 27. a4 Rc4
28. Rfd1 Rd8 â‡„â‡„ ) 25. Qxd5 ( 25. Nc2 Rxb5 ) 25. ... Rfb8 =/& ) 19. Nc4
! ( 19. Be4? d5 -/+ ) 19. ... Be6 ( 19. ... Nxc4 20. Qxa8 +- ) 20. Bxa5! (
20. Nxb6? Qxb6 -/+ ) 20. ... Bxc4 ( {Probably Black should have tried his 
chances in the following variation:} 20. ... Rxa5 21. Nxa5 d5 {although 
after} 22. Nc6 {White has good pieces and Black's compensation is not 
sufficient.} ) ( 20. ... e4!? 21. Bxe4! ( 21. Bxb6 exf3 22. Bxd8 Rfxd8 {
with some compensation} ) ( 21. Qxe4? Bxc4 22. Bxb6 Bxd3 -+ ) 21. ... Bxc4
22. Bxb6 ( 22. Bxa8 Qxa8 23. Bxb6 Qxf3 24. gxf3 Bxf1 25. Rxf1 Rb8 ( 
25. ... Bxb2 26. Bc7 +- ) 26. Bc7 Rxb5 27. b3 +/- ) ) 21. Bxb6 Qxb6 22. 
Bxc4 {A pawn up and a better bishop secures White a huge advantage. 
Ivanchuk easily converts it into a full point.} 22. ... Rac8 23. Qb3 e4 
24. a4 Bd4 ( 24. ... Qa5 25. b6? â–³ ( 25. Bd5! +- ) 25. ... Rc6! ) 25. a5
Qc5 26. Bd5 +- Rce8 27. Qc4 Qxc4 28. Bxc4 Re5 29. b6 Rc5 30. Ra4 d5 31. 
Be2 Be5 32. a6 Rc2 33. a7 1-0

[Event "Chelyabinsk variation - 1"]
[Site "Moscow RUS"]
[Date "1994.??.??"]
[Round "1"]
[White "Leko, Peter"]
[Black "San Segundo Carrillo, Pablo"]
[Result "1-0"]
[WhiteElo "2555"]
[BlackElo "2485"]
[EventDate "1994.11.01"]
[Annotator "Gagarin"]

1. e4 c5 2. Nf3 e6 3. d4 cxd4 4. Nxd4 Nf6 5. Nc3 Nc6 6. Ndb5 d6 7. Bf4 e5 
8. Bg5 a6 9. Na3 b5 10. Nd5 Qa5+ 11. Bd2 Qd8 12. c4!? ( 12. Nxf6+ Qxf6 13.
 Bd3 ( 13. c4 ) ) 12. ... Nxe4 13. cxb5 Be6 14. Bc4 Ne7 15. O-O!? {A fine 
idea of GM V.Kupreichik's. White energetically finishes his development, 
leaving his d5-knight under attack } ( 15. Be3 Rc8! ( 15. ... Qa5+?! 16. 
Ke2 Rc8 17. Qd3! ( 17. Bb6? Qxa3! 18. bxa3 Rxc4 =/& ( 18. ... Bxd5!? â†‘ )
) ( 17. Rc1? Nxd5 18. Bxd5 Rxc1 19. Bxc1 Qxa3! 20. Bc6+ Bd7 {
Zapata,A-Ochoa de Echaguen,F/Habana/1983/0:1/28/} 21. bxa3 Nc3+ 22. Kf3 
Nxd1 23. Bxd7+ Kxd7 24. Rxd1 axb5 -+ ) 17. ... Bxd5 18. Bxd5 Nc5 19. Bxc5 
Rxc5 20. Bb3 d5 21. Rhc1 +/- {Kruppa,Y-Vyzmanavin,A/Irkutsk/1986/1:0/38/} 
) 16. Nb6 ( 16. Nxe7!? ) ( 16. Bb6!? {Sveshnikov/} ) 16. ... d5! 17. Qa4!?
( 17. Nxc8 Nxc8 18. Bb3 ( 18. O-O? Bxa3 19. bxa3 dxc4 20. Qxd8+ Kxd8 21. 
bxa6 Kc7 -+ {Gobet, F-Kasparov,G/Luzern(simult)/1987/0:1/34/} ) 18. ... 
Qa5+ 19. Kf1 Bxa3 20. bxa3 O-O =/& ) 17. ... dxc4 18. Rd1 Nd5 â–¡ 19. 
bxa6+ Bd7! 20. Nxd7 Bb4+ 21. Kf1 Qxd7 â–¡ 22. Qxd7+ Kxd7 23. Rxd5+ Ke6 24.
 Rb5! Bxa3 â–¡ 25. bxa3 Nc3! 26. Rb6+ Kd7! 27. a7 Nd5 28. Rb7+ Ke6 = {
Yudasin,L-Vyzmanavin,A/URS(ch I) Lvov/1987/0,5/28/} ) 15. ... Bxd5! ( {In 
the original game there followed} 15. ... Nxd5? 16. Bxd5 Bxd5 17. Ba5! 
Qxa5 18. Qxd5 Rc8 19. Qxe4 +/- {
Kupreichik,V-Nikcevic,N/Cattolica/1992/1:0/28/} 19. ... Be7 ( 19. ... axb5
20. Qb7 Qc7 21. Qxb5+ Qc6 22. Rfc1 +/- ) 20. Qb7 Qc7 21. Qxc7 Rxc7 22. 
bxa6 Kd7 23. Nb5! Rc2 24. Rfc1! Rxb2 ( 24. ... Rhc8 25. Rxc2 Rxc2 26. a7 
Rc8 27. Rd1 +- ) 25. Rc7+ Ke6 26. Rb7 Kf6 27. Nc7 Rc8 28. Nd5+ Ke6 29. 
Rxb2 { 1-0, Kupreichik,V 2555 - Nikcevic,N 2350 , Cattolica 1992} ) 16. 
Bxd5 ( 16. Ba5! {Horvath,T} 16. ... Qxa5 17. Bxd5 Rd8 18. Bxe4 d5 19. Bc2 
( 19. Bd3 Ng6 20. Nc2 Be7 21. Qe1! +/- {Fernandez,Garcia-Antunes/Expo/1992
} ) 19. ... Ng6 20. bxa6 Bxa3 -/+ ) 16. ... Nxd5 17. Ba5 Ndc3! { This 
resource allows Black to consolidate his position } ( 17. ... Qxa5? 18. 
Qxd5 +/- ) 18. Bxc3 Nxc3 19. bxc3 Be7? ( 19. ... d5! 20. Qb3 ( 20. Nc2 
axb5 21. Ne3 ( 21. Qe2 Be7 22. Qxe5 O-O = ) 21. ... Bc5 22. Nxd5 O-O 23. 
Qd3 Ra5 24. Rfd1 Qg5 =+ ) ( 20. Qa4 {Horvath,T} 20. ... Bxa3 21. b6+! +/- 
) ( 20. bxa6 Bxa3 21. Qa4+ Ke7 22. Qxa3+ Qd6 23. Qa4 Rxa6 24. Qg4 g6 25. 
Qh4+ Qf6 26. Qb4+ Qd6 = ) 20. ... Bxa3 21. Qxa3 axb5 ( 21. ... Qe7!? ) 22.
 Qc5! Rc8 23. Qxb5+ Qd7 24. Qb4 ) 20. Qb3 +/- Rb8 ( 20. ... O-O 21. c4 
axb5 22. Nxb5 Qd7 23. Rfd1 += {gives White an opportunity to blockade 
light squares in the center)} ) 21. c4 d5!? {Black revives his e7-bishop 
before it's too late } ( 21. ... O-O 22. Rfd1 +/- {>< d5/} ( 22. Rfd1 {
Horvath,T} 22. ... Qa5 23. Rd5! +/- ) ) 22. cxd5 O-O ( 22. ... Qa5? 23. d6
! Bxd6 24. Nc4 Qb4 25. Rfd1 +/- ) 23. Rfd1 Bxa3 ( 23. ... Bd6!? ) 24. Qxa3
Rxb5 ( 24. ... axb5 25. d6 +/- ( 25. d6 {Horvath,T} 25. ... Qd7 +- ) ) 25.
 d6 +/- {In spite of considerable simplifications White maintains the 
initiative due to his strong central passed pawn } 25. ... Qa5 ( 25. ... 
Ra5 26. Qe3 Qd7 27. Qc3 Qd8 28. Rac1 e4 29. Qc4 +/- ) 26. Qf3! ( 26. Qxa5
?! Rxa5 27. d7 Rd8 28. Rac1 Kf8 {/\ Ke7/} ) 26. ... Rd8 27. d7 Rc5 28. 
Rab1 h6 ( {The weakness of the 8th rank is felt in the variation } 28. ...
 Qxa2? 29. Qa8! Qa5 30. Rb8 +- ) ( 28. ... Rc7 29. Rb7 Rxb7 30. Qxb7 +/- )
29. h3 Rc4 ( 29. ... Qxa2? 30. Rb8! Rxb8 ( 30. ... Qa5 31. Qa8 +- ) 31. 
d8=Q+ Rxd8 32. Rxd8+ Kh7 33. Qf5+ g6 34. Qf6 +- ) ( 29. ... Rc7 {Horvath,T
} 30. Rb8 Rxb8 ( 30. ... Ra7 31. Rxd8+ Qxd8 32. Qc6 +- ) 31. d8=Q+ Rxd8 
32. Rxd8+ Kh7 33. Qf5+ g6 34. Qf6 +- ) 30. Rd5 Qc7 ( 30. ... Qxa2? 31. Rb8
! Rc1+ 32. Kh2 Rxb8 33. d8=Q+ Rxd8 34. Rxd8+ Kh7 35. Qf5+ g6 36. Qf6 +- ) 
31. Rbd1 Rc1 32. g3 ( 32. Rxc1 Qxc1+ 33. Kh2 ( 33. Rd1 Qc7 34. Qd5 Kf8! = 
) 33. ... Qf4+ 34. Qxf4 exf4 = ) 32. ... Qc6 33. Rxc1 Qxc1+ 34. Kg2 Qc2 
35. a3 Qc6 36. Qd3 Qb6 37. Kg1 Qe6 38. h4 e4 39. Qd4 Kh7 40. a4! {Having 
paralized the opponent's pieces with blockade of the passed pawn, White 
seizes the space on the Q-side, creates the strong point on b6 for his 
major pieces and fixes the a6-weakness} 40. ... Kg8 41. a5! Kh7 42. Kh2 g6
( 42. ... Kg8 {Horvath,T} 43. Rd6 Qe7 ) 43. Rd6 Qf5 ( 43. ... Qe7 44. h5! 
gxh5 45. Qd5 +/- ) 44. Rf6! Qxd7 {Black has eliminated the d7-pawn, but 
this does not make life much easier for him. Weakness of the a6-pawn and 
insecure position of the black king give White fine chances for a win } ( 
{White wins an instructive rook ending after } 44. ... Rxd7 45. Rxf5 Rxd4 
46. Rxf7+ Kg8 47. Rf6 Kg7 48. Rxa6 Rd2 ( 48. ... e3 49. fxe3 Re4 50. Rb6 
Rxe3 51. a6 +- ) 49. Kg1 Ra2 50. Ra7+ Kf6 51. a6 h5 52. Ra8 Kg7 53. a7 Kh7
54. Kf1 Kg7 55. Ke1 Kh7 56. Kd1 Kg7 57. Kc1 Kh7 58. Kb1 Ra4 59. Kc2 Ra3 
60. Kb2 Ra6 61. Kb3 Kg7 62. Kc4 Ra1 63. Kd4 Ra4+ 64. Kd5 Kh7 65. Kc6 Ra1 (
65. ... Kg7 66. Kb6 Rb4+ 67. Ka5 Rb1 68. Rg8+ +- ) 66. Rd8 Rxa7 67. Rd7+ 
Rxd7 68. Kxd7 Kg7 69. Ke6 +- ) 45. Qxe4 {/\ Ra6, /\ h5/} 45. ... h5 ( 
45. ... Qa7 46. h5 Rg8 47. Kg1 Qd7 48. Qf3 +- ) 46. Rxa6 Qd5 47. Qf4 Kg8 
48. Rf6 Kg7 ( {(More stubborn is } 48. ... Qxa5 49. Rxf7 +- {/\ Qf6, /\ 
Rc7/} 49. ... Qd5 50. Rf6 Kg7 +/- ) 49. a6 Rd7 50. Qf3! Qc5 ( 50. ... Qxf3
51. Rxf3 +- {/\ Ra3/} ) 51. Rc6! Qd4 52. Qc3 +- Qxc3 53. Rxc3 Rd2 54. Ra3 
1-0

[Event "Chelyabinsk variation - 1"]
[Site "Havana CUB"]
[Date "1983.??.??"]
[Round "1"]
[White "Zapata, Alonso"]
[Black "Ochoa de Echaguen, Fco Javier"]
[Result "0-1"]
[WhiteElo "2425"]
[BlackElo "2400"]
[EventDate "1983.??.??"]

1. e4 c5 2. Nf3 Nc6 3. d4 cxd4 4. Nxd4 Nf6 5. Nc3 e5 { This move was first
employed by de la Bourdonnais in his famous match against MacDonnel 
(1834), 
later Em.Lasker would play so during his match against Schlechter. But 
those were only episodical attempts. In the light of W.Steinitz positional
theory the e7-e5-development looked anti-positional, as it served to 
create a backward d6-pawn and a weak d5-square in his own camp. Main ideas
of e7-e5 advance in Sicilian defence were formulated during 1940s by 
I.Boleslavsky who used to play this way successfully after 1.e4 c5 2.Nf3 
d6 3.d4 cd 4.Nd4 Nf6 5.Nc3 Nc6 6.Be2 e5! It turns out that in return for 
his pawn structure defects Black is presented with an opportunity to 
deploy his pieces actively and to chase the white d4-knight away from 
center. 
Similar motives can be seen in Cheliabisk variation that has now become 
one of the most popular openings in the tournaments of any category. The 
1970s undertakings of Cheliabinsk GMs E. Sveshnikov and G.Timoscenko were 
successfully carried on in modern practice by M.Krasenkow, V.Kramnik, A. 
Shirov, P.Leko, J.Lautier, G.Kasparov, T.Radjabov and many others. 
} 6. Ndb5 ( 6. Nb3 Bb4 7. f3 d5 8. Bd2 Bxc3 9. Bxc3 d4 10. Bd2 Nxe4 11. 
Bd3 Qh4+ 12. Ke2 Qf2# {0-1 de Booij, Marco (1044) - Vesely, Emanuel (2083)
/ BI-2012-P-00020 (-), ICCF2012_cor32 2012} ) 6. ... d6 7. Bg5 {As 
distinct from the Boleslavsky System, in the Cheliabinsk Variation White 
manages to exchange his dark-squared bishop for the f6-knight immediately,
and this strengthens his control over the key d5-square. Black's dynamic 
compensation for this concession is the fact that white knight has to 
leave for a3 } 7. ... a6 8. Na3 b5 {Below we will examine the following 
branches of this popular opening: } 9. Nd5 ( 9. Bxf6 gxf6 10. Nd5 f5 11. 
Bd3 ( 11. Nxb5!? axb5 12. Bxb5 ) ( 11. Bxb5!? axb5 12. Nxb5 ) ( 11. c3 Bg7
12. exf5 Bxf5 13. Nc2 ) 11. ... Be6 12. Qh5 ( 12. O-O Bxd5 13. exd5 Ne7 ) 
12. ... Bg7 ( 12. ... Rg8!? ) 13. O-O f4 ) 9. ... Qa5+ { Before examining 
the mainline move 9...Be7 it should be noted that the queen check to a5 
turns out to be quite poisonous for White } ( 9. ... Be7 10. Bxf6 Bxf6 11.
 c3 ) 10. Bd2 Qd8 { Black idea has clarified - his opponent is hard put to
hold the knight d5-outpost } 11. c4 {A sharp continuation. White cedes his
central e4-pawn, but demolishes the opponent's Q-side } ( {To repeat 
position in order to draw} 11. Bg5 Qa5+ 12. Bd2 Qd8 13. Bg5 Qa5+ { would 
certainly be a moral compromise for White} ) 11. ... Nxe4 12. cxb5 Be6 13.
 Bc4 Ne7 {Energically struggling against the opponent's centralized pieces
} ( {To an obvious white advantage leads } 13. ... axb5? 14. Nxb5 Qh4 15. 
Be3 Nxf2 16. Nbc7+ Kd8 17. Nxe6+ fxe6 18. Bb6+ Ke8 19. Nc7+ Ke7 20. Bxf2 
Qxc4 21. Nxa8 { Beliavsky Alexander G (SLO) 2620 - Van Der Wiel John T H 
(NED) 2520, Moscow (Russia) 1982)} ) 14. Be3 Qa5+ 15. Ke2 {Threatening to 
catch the enemy queen by means of Â¥e3-b6 } ( {Less precise is } 15. Kf1 {
in view of } 15. ... Rc8 16. Bb6 Qd2 17. Nc7+? Rxc7! ) 15. ... Rc8! {Black
despsrately struggles for the initiative, aiming his blows at the 
opponent's key pieces } 16. Rc1?! ( {On} 16. Bb6 {an effective refutation 
is prepared} 16. ... Qxa3!! 17. bxa3 Rxc4! 18. Ne3 ( 18. Nxe7 Nc3+ -+ ) 
18. ... Nc3+ 19. Kd3 e4+! -+ 20. Kd2 Nxd1 21. Nxc4 Bxc4 22. Rhxd1 axb5 -+ 
) ( {Later it will be established that the strongest continuation for 
White is} 16. Nb6! d5! ( 16. ... Rxc4 17. Naxc4 Qxb5 18. Qd3 +- ) ( 
16. ... Qxa3 17. bxa3 Nc3+ 18. Kd2 +- ) ( 16. ... Rd8 17. bxa6 Bxc4+ 18. 
Naxc4 Qxa6 19. Qd3 +- ) ( 16. ... Bxc4+ 17. Naxc4 Qxb5 18. a4 Qb4 ( 
18. ... Qc6 19. Rc1 ) 19. Qc2 +/- ) 17. Nxc8 Nxc8 18. Bxd5 Bxa3 19. Bxe4 
Qxb5+ 20. Bd3 Qxb2+ 21. Qc2! ( 21. Qd2 e4! 22. Bxa6 ( 22. Bxe4 Bc4+ 23. 
Kf3 Qf6+ 24. Bf4 g5 ) 22. ... Qe5 {Sisniega,M 2500 - Espinoza,R 2430 , 
Linares 1992} ) 21. ... e4 22. Bxe4 Bc4+ 23. Kf3 Qf6+ 24. Bf4 g5 25. Qxc4 
Qxf4+ 26. Ke2 O-O 27. Bxh7+ Kxh7 28. Qxf4 gxf4 29. Kf3 {with an ending 
that is somewhat more favorable for Black - shown by M.Sisniega} ) 16. ...
 Nxd5 17. Bxd5 Rxc1 18. Bxc1 Qxa3!! {The whole black play is based on this
fine blow. White is unable to make use of his opponent's Q-side 
underdevelopment } 19. Bc6+ ( 19. bxa3 Nc3+ 20. Ke3 Nxd1+ 21. Rxd1 axb5 =+
) ( 19. Bxe4 Bc4+ -/+ ) 19. ... Bd7 20. Qd5?! ( 20. bxa3 Nc3+ -/+ ) 
20. ... Qa4! 21. Bxd7+ Kxd7 22. Qb7+ Ke6 23. Qc8+ Kf6 24. bxa6 Be7!! {Â° A
thematic rook sacrifice excluding white queen from play. Now the attack 
against the white king becomes irrefutable } 25. Qxh8 ( 25. Qb7 Qc2+ ) 
25. ... Qc2+ 26. Kf3 ( 26. Ke3 d5! 27. Rf1 Bc5+ 28. Kf3 Qd3+ 29. Be3 Bxe3!
) 26. ... Qd3+ 27. Be3 Nd2+ 28. Kg3 ( 28. Kg4 Qf5+ 29. Kh4 Ke6+ ) 28. ... 
Qg6+ 0-1